Macroeconomics (Record no. 9918)
[ view plain ]
| 000 -LEADER | |
|---|---|
| fixed length control field | 00318nam a22001337a 4500 |
| 008 - FIXED-LENGTH DATA ELEMENTS--GENERAL INFORMATION | |
| fixed length control field | 240727b |||||||| |||| 00| 0 eng d |
| 082 ## - DEWEY DECIMAL CLASSIFICATION NUMBER | |
| Classification number | 339 DOR |
| 100 ## - MAIN ENTRY--PERSONAL NAME | |
| Personal name | Dornbush, Rudiger |
| 245 ## - TITLE STATEMENT | |
| Title | Macroeconomics |
| 250 ## - EDITION STATEMENT | |
| Edition statement | 12th |
| 260 ## - PUBLICATION, DISTRIBUTION, ETC. | |
| Place of publication, distribution, etc. | India |
| Name of publisher, distributor, etc. | McGraw Hill |
| Date of publication, distribution, etc. | 2014 |
| 300 ## - PHYSICAL DESCRIPTION | |
| Extent | xix, 652p. |
| Dimensions | 18 cm. |
| 942 ## - Added entry Elements (Koha) | |
| Source of classification or shelving scheme | Dewey Decimal Classification |
| Edition | 12th |
| Withdrawn status | Lost status | Source of classification or shelving scheme | Damaged status | Not for loan | Collection code | Home library | Current library | Shelving location | Date acquired | Cost, normal purchase price | Serial Enumeration / chronology | Full call number | Barcode | Date last seen | Price effective from | Koha item type | Total Checkouts | Total Renewals | Date last checked out |
|---|---|---|---|---|---|---|---|---|---|---|---|---|---|---|---|---|---|---|---|
| Dewey Decimal Classification | Main TEST | RTC Library | RTC Library | Main opac | 27/07/2024 | 906.75 | 18417 | 339 DOR C.4 | 30019741 | 27/07/2024 | 27/07/2024 | Main | |||||||
| Dewey Decimal Classification | Main TEST | RTC Library | RTC Library | Main opac | 27/07/2024 | 906.75 | 18418 | 339 DOR C.3 | 30019762 | 26/11/2025 | 27/07/2024 | Main | 2 | 1 | 30/07/2025 | ||||
| Dewey Decimal Classification | Main TEST | RTC Library | RTC Library | Main opac | 27/07/2024 | 906.75 | 18419 | 339 DOR C.2 | 30019774 | 27/07/2024 | 27/07/2024 | Main | |||||||
| Dewey Decimal Classification | Main TEST | RTC Library | RTC Library | Main opac | 27/07/2024 | 906.75 | 18416 | 339 DOR C.1 | 30019773 | 21/11/2024 | 27/07/2024 | Main | 1 | 1 | 07/08/2024 |